Country Flags with Animals - Statistics

General Stats
  • This quiz has been taken 45 times
  • The average score is 16 of 19
Answer Stats
Picture Answer % Correct
Albania
98%
Croatia
98%
Bhutan
95%
Mexico
95%
Spain
95%
Egypt
93%
Serbia
88%
Fiji
86%
Moldova
86%
Uganda
86%
Ecuador
83%
Montenegro
83%
Papua New Guinea
83%
Sri Lanka
83%
Guatemala
81%
Andorra
76%
Dominica
76%
Kiribati
76%
Zambia
76%
No matching quizzes found
Score Distribution
Percent of People with Each Score
Percentile by Number Answered
Your Score History
You have not taken this quiz